| 000 | 00448nam a2200169Ia 4500 | ||
|---|---|---|---|
| 005 | 20250508152623.0 | ||
| 008 | 008 250505s9999 xx 000 0 eng d | ||
| 037 | _aTextual | ||
| 040 |
_aFEDL _beng _cFEDL |
||
| 041 |
_aeng _2eng |
||
| 084 |
_a657, CAR _qFEDL |
||
| 245 | 0 | _a20th century bookkeeping and accounting | |
| 245 | 0 | _cCarlson Forkner Boynton | |
| 300 | _a304p. | ||
| 942 |
_cTEXL _h657, CAR |
||
| 999 |
_c1337644 _d1337644 |
||